000 00627nam a22002057a 4500
005 20220624121305.0
008 210316b ||||| |||| 00| 0 eng d
020 _a9789385756542
040 _aIN-DiNC
_cIN-DiNC
041 _deng
082 _a351
_bBOR
100 _aBordoloi, Prahlad
_eauthor
245 _aPublic administration:
_bconcepts, perspectives and theories /
_cby Prahlad Bordoloi and Manashi Sarma
250 _a1st ed.
260 _aMeerut:
_bBalaji publications,
_c2020
300 _avi, 356p.
650 _aMajor approaches in public administration
700 _aSarma, Manashi
_eauthor
942 _2ddc
_cBK
999 _c11160
_d11160